00333cam a22001097a 4500008004000000082001700040100002100057245004800078260004000126300000900166650004800175180718b1962 xxu||||| |||| 00| 0 eng d aD49x519 T366 aThomas, R. C. W. aWar in Korea, 1950-1953cby R. C. W. Thomas aNew DelhibEnglish Book Storec1962 a110p aKorean War, 1950-1953 --Juvenile literature